| 000 | 00577nam a2200205 a 4500 | ||
|---|---|---|---|
| 001 | 23839 | ||
| 003 | CO-ViMGA | ||
| 008 | 141112s2004 ck r 000 u spa d | ||
| 020 | _a9583015547 | ||
| 040 |
_aCO-ViMGA _bspa _cCO-ViMGA |
||
| 082 | 0 | 4 | _aCADb |
| 100 | 1 |
_aCadavid, Ana Maria _934533 |
|
| 245 | 1 | 0 |
_aBitacora de luna / _cAna Maria Cadavid |
| 260 |
_aColombia : _bpanAméricana |
||
| 300 | _a36p. | ||
| 490 | _aQue pase el tren | ||
| 650 | 1 | 4 |
_a2 : VIAJES INTERPLANETARIOS - CUENTOS INFANTILES _934534 |
| 650 | 1 | 4 |
_aCUENTOS INFANTILES COLOMBIANOS _92369 |
| 942 |
_2ddc _cBK |
||
| 999 |
_c3252 _d3252 |
||